000 00597nam a2200181 a 4500
008 120416s1972 ||||||||||||||||| || u
020 _a0713155957
050 _aGF 125 Car
100 _aCarter, Harold
245 1 4 _aThe Study of urban geography
260 _aLondon
_bEdward Arnold
_c1972
300 _axiv, 346p. : ill.
350 _a0.00
500 _aIncludes bibliographies.
650 _aGEOGRAPHY
650 0 _aURBAN GEOGRAPHY
995 _D0.00
_FCBU-MAIN LIBRARY (Kitwe)
_H1
_I4.20
_M1
_UAVAILABLE
_ZMain Library Open Access Collection
999 _c58965
_d58965